UM Logo

Forensic ballistics / (Record no. 17210)

MARC details
000 -LEADER
fixed length control field 00602nam a2200181 4500
008 - FIXED-LENGTH DATA ELEMENTS--GENERAL INFORMATION
fixed length control field 220824b ||||| |||| 00| 0 eng d
020 ## - INTERNATIONAL STANDARD BOOK NUMBER
International Standard Book Number 9786214182039
082 ## - DEWEY DECIMAL CLASSIFICATION NUMBER
Edition number 2021
Classification number DFil 363.25
Item number B274
100 ## - MAIN ENTRY--PERSONAL NAME
Personal name Barreda, Ariel Barco.
9 (RLIN) 45725
245 ## - TITLE STATEMENT
Title Forensic ballistics /
Statement of responsibility, etc. Ariel Barco. Barreda.
260 ## - PUBLICATION, DISTRIBUTION, ETC. (IMPRINT)
Place of publication, distribution, etc. Quezon City:
Name of publisher, distributor, etc. Wiseman's Books Trading, Inc.,
Date of publication, distribution, etc. ©2021.
300 ## - PHYSICAL DESCRIPTION
Extent x, 210 pages;
Other physical details illustrations;
Dimensions 22 cm.
500 ## - GENERAL NOTE
General note Includes references.
650 ## - SUBJECT ADDED ENTRY--TOPICAL TERM
Topical term or geographic name as entry element Firearms
Form subdivision Identification
9 (RLIN) 45739
650 ## - SUBJECT ADDED ENTRY--TOPICAL TERM
Topical term or geographic name as entry element Forensic ballistics.
9 (RLIN) 45740
650 ## - SUBJECT ADDED ENTRY--TOPICAL TERM
Topical term or geographic name as entry element Ballistics.
9 (RLIN) 45741
942 ## - ADDED ENTRY ELEMENTS (KOHA)
Source of classification or shelving scheme Dewey Decimal Classification
Koha item type Filipiniana
Holdings
Withdrawn status Lost status Source of classification or shelving scheme Damaged status Not for loan Collection code Home library Current library Shelving location Date acquired Source of acquisition Cost, normal purchase price Total Checkouts Full call number Barcode Date last seen Date last checked out Copy number Price effective from Koha item type
    Dewey Decimal Classification     Filipiniana UM Digos College - LIC UM Digos College - LIC Book Cart 08/16/2022 Purchased 450.00 1 DFil 363.25 B274 2021 26603 05/15/2025 08/23/2023 1 08/24/2022 Filipiniana
    Dewey Decimal Classification     Filipiniana UM Digos College - LIC UM Digos College - LIC Book Cart 08/16/2022 Purchased 450.00 1 DFil 363.25 B274 2021 26604 05/15/2025 05/10/2023 2 08/24/2022 Filipiniana
    Dewey Decimal Classification     Filipiniana UM Digos College - LIC UM Digos College - LIC Book Cart 08/16/2022 Purchased 450.00 3 DFil 363.25 B274 2021 26605 05/15/2025 03/11/2024 3 08/24/2022 Filipiniana